logo

Bir Sreshtho Munshi Abdur Rouf Library
Jhenaidah Cadet College

জেন্ডার বিশ্বকোষ / (Record no. 3273)

MARC details
000 -LEADER
fixed length control field 00823nam a2200229 a 4500
001 - CONTROL NUMBER
JCCL Control Number 3273
003 - CONTROL NUMBER IDENTIFIER
JCCL marc code BD-JhCC
005 - DATE AND TIME OF LATEST TRANSACTION
control field 20171112205012.0
008 - FIXED-LENGTH DATA ELEMENTS--GENERAL INFORMATION
fixed length control field 171112s2006 bg |||| |||| 000 0 ben d
035 ## - SYSTEM CONTROL NUMBER
system control number (BD-JhCC)
040 ## - CATALOGING SOURCE
Original cataloging agency BD-JhCC
Modifying agency BD-JhCC
041 ## - LANGUAGE CODE
Language code of Book ben
082 ## - DEWEY DECIMAL CLASSIFICATION NUMBER
Classification number 305.30904503
Author mark and Year GEN 2006
DDC Edition number 22
245 ## - TITLE STATEMENT
Title জেন্ডার বিশ্বকোষ /
Statement of responsibility, etc সেলিনা হোসেন
260 ## - PUBLICATION, DISTRIBUTION, ETC. (IMPRINT)
Place of publication, distribution, etc ঢাকা:
Name of publisher, distributor, etc মাওলা ব্রাদার্স;
Date of publication, distribution, etc ২০০৬
300 ## - PHYSICAL DESCRIPTION
Pagination ৮১২ পৃ.;
Dimensions ২২ সেমি
505 ## - FORMATTED CONTENTS NOTE
Formatted contents note প্রথম খন্ডঃ অ - ন<br/>দ্বিতীয় খন্ডঃ প - হ
650 ## - SUBJECT ADDED ENTRY--TOPICAL TERM
Topical term or geographic name as entry element Encyclopedia of Gender
700 ## - ADDED ENTRY--PERSONAL NAME
Personal name হোসেন, সেলিনা
700 ## - ADDED ENTRY--PERSONAL NAME
Personal name মাসুদুজ্জামান
942 ## - ADDED ENTRY ELEMENTS (KOHA)
Source of classification or shelving scheme Dewey Decimal Classification
Koha item type Books
Holdings
Source of classification or shelving scheme volume number Damaged status Not for loan Home library Current library Shelving location Date of accession Cost, normal purchase price Total Checkouts Full call number Barcode Date last seen Copy number Koha item type
Dewey Decimal Classification V-1     JCC Rouf Library JCC Rouf Library General Stacks 10/12/2017 500.00   305.30904503 GEN 2006 5189 11/12/2017 C-1 Books
Dewey Decimal Classification V-2     JCC Rouf Library JCC Rouf Library General Stacks 11/12/2017 500.00   305.30904503 GEN 2006 5190 11/12/2017 C-1 Books

JCC Library | Contacts | JCC Home

Last Update on 23 September 2017
Copyright @ 2017-2020 JCC Rouf Library
Rouf Library, Jhenidah Cadet College (JCC), Bangladesh